| 000 | 00865nam a2200289 i 4500 | ||
|---|---|---|---|
| 001 | 4671547 | ||
| 003 | NUST - PNEC | ||
| 005 | 20170116180813.0 | ||
| 008 | 800424s1979 enkabc 001 0 eng | ||
| 010 | _a 80468292 | ||
| 015 | _aGB79-36611 | ||
| 020 | _a0711009295 | ||
| 040 |
_aDLC _cLIBRARY _dDLC |
||
| 043 |
_aa-pk--- _aa-ii--- |
||
| 050 | 0 | 0 |
_aDS386 _b.F74 |
| 082 | 0 | 0 | _a358.49045 FRI |
| 100 | 1 | _aFricker, John. | |
| 245 | 1 | 0 |
_aBattle for Pakistan : the air war of 1965 / _c[by] John Fricker. |
| 260 |
_aLondon : _bI. Allan, _c1979. |
||
| 300 |
_a192 p. : _bill., map (on lining papers), ports. ; _c26 cm. |
||
| 500 | _aIncludes index. | ||
| 610 | 1 | 0 |
_aPakistan. _bAir Force _xHistory. |
| 630 | _xAerial operations. | ||
| 650 | 0 |
_aIndia-Pakistan Conflict, 1965 _xGeneral |
|
| 906 |
_a7 _bcbc _corignew _d4 _encip _f19 _gy-gencatlg |
||
| 942 |
_2ddc _cBK |
||
| 999 |
_c63441 _d63441 |
||